Entry Personal Name
Number of records used in: 1
001 - CONTROL NUMBER
003 - CONTROL NUMBER IDENTIFIER
005 - DATE AND TIME OF LATEST TRANSACTION
- control field:
20250530113539.0
008 - FIXED-LENGTH DATA ELEMENTS
- fixed length control field:
000321n| azannaabn |n aaa
010 ## - LIBRARY OF CONGRESS CONTROL NUMBER
- LC control number:
n 00094463
035 ## - SYSTEM CONTROL NUMBER
- System control number:
(OCoLC)oca05180734
040 ## - CATALOGING SOURCE
- Original cataloging agency:
DLC
- Language of cataloging:
eng
- Description conventions:
rda
- Transcribing agency:
DLC
- Modifying agency:
DLC
- Modifying agency:
PSt
046 ## - SPECIAL CODED DATES
- Birth date:
1968-04-18
- Source of date scheme:
edtf
100 1# - HEADING--PERSONAL NAME
- Personal name:
Crane, Andrew,
- Dates associated with a name:
1968-
372 ## - FIELD OF ACTIVITY
- Field of activity:
Business ethics
- Source of term:
lcsh
373 ## - ASSOCIATED GROUP
- Associated group:
Schulich School of Business
- Source of term:
naf
374 ## - OCCUPATION
- Occupation:
College teachers
- Source of term:
lcsh
375 ## - GENDER
377 ## - ASSOCIATED LANGUAGE
670 ## - SOURCE DATA FOUND
- Source citation:
Crane, Andrew. Marketing, morality and the natural environment, 2001:
- Information found:
CIP title page (Andrew Crane) datasheet (b. Apr. 18, 1968)
670 ## - SOURCE DATA FOUND
- Source citation:
Nottingham University Business School staff Web site, Nov. 21, 2005
- Information found:
(Andrew Crane; Ph. D., Nottingham)
670 ## - SOURCE DATA FOUND
- Source citation:
International Centre for Corporate Social Responsibility staff Web site, Nov. 21, 2005
- Information found:
(senior lecturer in business ethics: Andrew Crane)
670 ## - SOURCE DATA FOUND
- Source citation:
University of Nottingham Web OPAC, Nov. 21, 2005
- Information found:
(Crance, Andrew, 1968- --Marketing, morality, and the natural environment [Thesis--Ph. D.--University of Nottingham, 1998])
670 ## - SOURCE DATA FOUND
- Source citation:
Business ethics, 2016:
- Information found:
title page (Andrew Crane) back cover (professor Andrew Crane is the George R. Gardiner Professor of Business Ethics and Director of the Centre of Excellence in Responsible Business in the Schulich School of Business at York University in Canada)